[Event "Wch U16"]
[Site "Montesilvano"]
[Date "2023.11.22"]
[Round "9"]
[White "Deuer, Marius"]
[Black "Rohit, S3."]
[Result "1-0"]
[WhiteElo "2453"]
[BlackElo "2223"]
[PlyCount "111"]
[EventDate "2023.11.13"]
[EventType "swiss"]
[EventRounds "11"]
[EventCountry "ITA"]
[SourceTitle "CB48_2023"]
[SourceDate "2023.11.29"]
[SourceVersion "1"]
[SourceVersionDate "2023.11.29"]
[SourceQuality "1"]

1. Nf3 c5 2. c4 Nc6 3. Nc3 g6 4. e3 Nf6 5. d4 cxd4 6. exd4 d5 7. cxd5 Nxd5 8. Qb3 Nxc3 9. Bc4 Nd5 10. Bxd5 e6 11. Bxc6+ bxc6 12. 0-0 Qd5 13. Qe3 Bg7 14. Bd2 0-0 15. Rfc1 Rb8 16. Rc5 Qd6 17. Qc3 Bd7 18. Rc1 Rb5 19. Rxb5 cxb5 20. Qc7 Qxc7 21. Rxc7 Rd8 22. Ba5 Be8 23. Rxa7 Rc8 24. Bc7 Bc6 25. Ne5 Bd5 26. b3 Bxe5 27. dxe5 Kg7 28. h4 Ra8 29. Rxa8 Bxa8 30. Bd6 f6 31. f3 Kf7 32. Kf2 g5 33. exf6 Kxf6 34. hxg5+ Kxg5 35. Ke3 Kf6 36. Kd4 Bc6 37. Kc5 Be8 38. f4 h5 39. g3 Bd7 40. Kb6 Be8 41. Kc5 Bd7 42. b4 Be8 43. a4 bxa4 44. b5 Bg6 45. Kd4 Be8 46. Kc5 Bg6 47. Be5+ Ke7 48. Kb6 Bd3 49. Kc6 Kd8 50. b6 Be4+ 51. Kd6 a3 52. Kxe6 Bb7 53. f5 Bc8+ 54. Kd6 Bb7 55. f6 Ke8 56. Kc7 1-0

[Event "Speed Chess Q1 Sw"]
[Site "Chess.com INT"]
[Date "2023.08.21"]
[Round "2"]
[White "Deuer, Marius"]
[Black "Kamsky, Gata"]
[Result "0-1"]
[WhiteElo "2440"]
[BlackElo "2641"]
[PlyCount "86"]
[EventDate "2023.08.21"]
[EventType "k.o. (blitz)"]
[EventRounds "14"]
[EventCountry "USA"]
[SourceTitle "CBM 215 Extra"]
[Source "ChessBase"]
[SourceDate "2023.09.30"]
[SourceVersion "1"]
[SourceVersionDate "2023.09.30"]
[SourceQuality "1"]

1. b3 d5 2. Bb2 Bf5 3. d3 e6 4. Nd2 Nf6 5. g3 h6 6. Bg2 c6 7. Ngf3 Nbd7 8. 0-0 a5 9. a4 Bb4 10. Re1 0-0 11. h3 Bh7 12. c4 Re8 13. Rc1 e5 14. cxd5 cxd5 15. d4 e4 16. Ne5 Bd6 17. Nxd7 Nxd7 18. e3 Nb8 19. Nb1 Nc6 20. Nc3 Bb4 21. Re2 Bf5 22. Rec2 Qd7 23. Kh2 Rad8 24. Nb5 Qe7 25. Bc3 Bxc3 26. Rxc3 Qg5 27. Rc5 Nb4 28. Bf1 b6 29. Rc7 h5 30. h4 Qg6 31. Be2 Bg4 32. Bxg4 hxg4 33. Kg2 Qf5 34. Rb7 Re6 35. Qe2 Rf6 36. Rf1 Rc8 37. Rc7 Rxc7 38. Nxc7 Rc6 39. Nb5 Nd3 40. Qd2 Qf3+ 41. Kg1 g5 42. Nc3 gxh4 43. Nxd5 h3 0-1

[Event "Speed Chess Q1 Sw"]
[Site "Chess.com INT"]
[Date "2023.08.21"]
[Round "5"]
[White "Deuer, Marius"]
[Black "Tanenbaum, Zachary Chen"]
[Result "1-0"]
[WhiteElo "2440"]
[BlackElo "2279"]
[PlyCount "67"]
[EventDate "2023.08.21"]
[EventType "k.o. (blitz)"]
[EventRounds "14"]
[EventCountry "USA"]
[SourceTitle "CBM 215 Extra"]
[Source "ChessBase"]
[SourceDate "2023.09.30"]
[SourceVersion "1"]
[SourceVersionDate "2023.09.30"]
[SourceQuality "1"]

1. g3 d5 2. Bg2 e5 3. c4 d4 4. d3 Nc6 5. Nf3 h6 6. 0-0 Nf6 7. e3 dxe3 8. Bxe3 Bf5 9. d4 Ng4 10. Qa4 Nxe3 11. fxe3 Bd7 12. Qb3 Bd6 13. c5 Be7 14. d5 Na5 15. Qc3 b6 16. c6 Bg4 17. b4 Bf6 18. bxa5 Bxf3 19. Rxf3 e4 20. Rxf6 gxf6 21. Bxe4 Qe7 22. Nd2 0-0 23. Rf1 Kg7 24. Bg2 Qe5 25. Qxe5 fxe5 26. Nc4 Rae8 27. e4 f6 28. Bh3 bxa5 29. Bd7 Rb8 30. d6 cxd6 31. c7 Rbc8 32. Bxc8 Rxc8 33. Nxd6 Rxc7 34. Ne8+ 1-0

[Event "Speed Chess Q1 Sw"]
[Site "Chess.com INT"]
[Date "2023.08.21"]
[Round "3"]
[White "Wagner, Dennis"]
[Black "Deuer, Marius"]
[Result "1-0"]
[WhiteElo "2589"]
[BlackElo "2440"]
[PlyCount "49"]
[EventDate "2023.08.21"]
[EventType "k.o. (blitz)"]
[EventRounds "14"]
[EventCountry "USA"]
[SourceTitle "CBM 215 Extra"]
[Source "ChessBase"]
[SourceDate "2023.09.30"]
[SourceVersion "1"]
[SourceVersionDate "2023.09.30"]
[SourceQuality "1"]

1. d4 d5 2. Nf3 g6 3. c4 c6 4. cxd5 cxd5 5. Nc3 Nc6 6. Bf4 Bf5 7. Qb3 Nf6 8. Qxb7 Bd7 9. e3 Bg7 10. Bc7 Qc8 11. Ba6 0-0 12. 0-0 Ne8 13. Bg3 e6 14. Rfc1 Qd8 15. Na4 Na5 16. Qb4 f6 17. Nc5 Rf7 18. Nxd7 Rxd7 19. Rc5 Nc4 20. Bxc4 dxc4 21. Qxc4 Kf7 22. Rc6 Qe7 23. Bh4 Rad8 24. Ne5+ Kg8 25. Rxe6 1-0

[Event "Biel HTO 56th"]
[Site "Biel"]
[Date "2023.07.23"]
[Round "6"]
[White "Pranav, Anand"]
[Black "Deuer, Marius"]
[Result "1/2-1/2"]
[WhiteElo "2510"]
[BlackElo "2374"]
[PlyCount "64"]
[EventDate "2023.07.17"]
[EventType "swiss"]
[EventRounds "10"]
[EventCountry "SUI"]
[SourceTitle "CBM 215 Extra"]
[Source "ChessBase"]
[SourceDate "2023.09.30"]
[SourceVersion "1"]
[SourceVersionDate "2023.09.30"]
[SourceQuality "1"]

1. d4 Nf6 2. c4 e6 3. Nc3 Bb4 4. Qc2 0-0 5. a3 Bxc3+ 6. Qxc3 b6 7. Bg5 Bb7 8. f3 d6 9. Nh3 Nbd7 10. e4 e5 11. d5 Rc8 12. b4 c6 13. Qd2 cxd5 14. cxd5 h6 15. Be3 Nh5 16. Bd3 f5 17. exf5 Nhf6 18. 0-0 Nxd5 19. Bf2 N7f6 20. Bh4 Qe8 21. g4 Nxg4 22. fxg4 Nc3 23. b5 Qf7 24. Rf2 Qd5 25. Kf1 e4 26. Nf4 Qe5 27. Re1 Rfe8 28. f6 Rc7 29. Bc4+ d5 30. Ng6 e3 31. Qc2 Qe4 32. Qxe4 Nxe4 1/2-1/2

[Event "Biel HTO 56th"]
[Site "Biel"]
[Date "2023.07.21"]
[Round "5"]
[White "Deuer, Marius"]
[Black "Yuffa, Daniil"]
[Result "1/2-1/2"]
[WhiteElo "2374"]
[BlackElo "2603"]
[PlyCount "59"]
[EventDate "2023.07.17"]
[EventType "swiss"]
[EventRounds "10"]
[EventCountry "SUI"]
[SourceTitle "CBM 215 Extra"]
[Source "ChessBase"]
[SourceDate "2023.09.30"]
[SourceVersion "1"]
[SourceVersionDate "2023.09.30"]
[SourceQuality "1"]

1. d4 Nf6 2. c4 g6 3. g3 c5 4. d5 b5 5. cxb5 a6 6. bxa6 d6 7. Nc3 Bg7 8. Bg2 0-0 9. Nf3 Nxa6 10. 0-0 Bf5 11. Nh4 Bd7 12. Rb1 Qa5 13. Bd2 Rfb8 14. b3 Nb4 15. a4 Qd8 16. h3 Bc8 17. Bc1 h6 18. Re1 Ba6 19. Nf3 Nd7 20. Bb2 Qf8 21. Nd2 Nb6 22. Nf1 Bd4 23. a5 Qg7 24. Qd2 Nd7 25. Ne3 h5 26. Red1 Ra7 27. Ra1 Rab7 28. Na4 Bxb2 29. Nxb2 Ra7 30. f4 1/2-1/2

[Event "Prague op"]
[Site "Prague"]
[Date "2023.06.30"]
[Round "9"]
[White "Psyk, Radoslaw"]
[Black "Deuer, Marius"]
[Result "1-0"]
[WhiteElo "2417"]
[BlackElo "2374"]
[PlyCount "103"]
[EventDate "2023.06.22"]
[EventType "swiss"]
[EventRounds "9"]
[EventCountry "CZE"]
[SourceTitle "CBM 215 Extra"]
[Source "ChessBase"]
[SourceDate "2023.09.30"]
[SourceVersion "1"]
[SourceVersionDate "2023.09.30"]
[SourceQuality "1"]

1. e4 c6 2. d4 d5 3. exd5 cxd5 4. Bd3 Nf6 5. h3 g6 6. c3 Bf5 7. Nf3 Nc6 8. 0-0 Qc7 9. Re1 Bxd3 10. Qxd3 e6 11. Nbd2 Bd6 12. Nb3 0-0 13. Bh6 Rfe8 14. Re2 Rab8 15. Rae1 Ne4 16. Ng5 f5 17. h4 b6 18. Qh3 Bf4 19. f3 Nxg5 20. Bxg5 Bg3 21. Rf1 f4 22. h5 e5 23. hxg6 hxg6 24. Bf6 Qh7 25. Bxe5 Rb7 26. Nc1 Rbe7 27. Nd3 g5 28. Qxh7+ Rxh7 29. Rd1 Kf7 30. Nf2 Re6 31. Ng4 Kg6 32. c4 Rd7 33. Red2 Kf5 34. b3 a5 35. Kf1 a4 36. Re2 axb3 37. axb3 Na5 38. cxd5 Rxd5 39. Rd3 Nc6 40. Bg7 Rxe2 41. Kxe2 Nb4 42. Rd2 Ra5 43. Bf8 Nd5 44. Rc2 Ke6 45. Ne5 Kf5 46. Rc6 Ra2+ 47. Kd3 Be1 48. Nf7 Rd2+ 49. Kc4 Ne3+ 50. Kb5 g4 51. Be7 Rxd4 52. Rf6# 1-0

[Event "Bundesliga 2223"]
[Site "Germany"]
[Date "2023.04.30"]
[Round "15.5"]
[White "Anton Guijarro, David"]
[Black "Deuer, Marius"]
[Result "1-0"]
[WhiteElo "2655"]
[BlackElo "2326"]
[PlyCount "83"]
[EventDate "2022.10.21"]
[EventType "team-tourn"]
[EventRounds "15"]
[EventCountry "GER"]
[SourceTitle "CBM 213 Extra"]
[Source "ChessBase"]
[SourceDate "2023.05.31"]
[SourceVersion "1"]
[SourceVersionDate "2023.05.31"]
[SourceQuality "1"]
[WhiteTeam "Viernheim"]
[BlackTeam "Schoenaich"]
[WhiteTeamCountry "GER"]
[BlackTeamCountry "GER"]

1. Nf3 Nf6 2. g3 c5 3. Bg2 Nc6 4. 0-0 e5 5. e4 Nxe4 6. Re1 Nf6 7. Nxe5 Be7 8. c4 0-0 9. Nc3 Nxe5 10. Rxe5 Bd6 11. Re1 Re8 12. d4 Rxe1+ 13. Qxe1 cxd4 14. Nb5 Bc5 15. b4 Bf8 16. Bf4 d6 17. Nxd4 a5 18. b5 d5 19. Rc1 dxc4 20. Rc2 c3 21. Rxc3 Nd5 22. Rc4 h6 23. Bd2 Nb4 24. h3 Nd3 25. a3 Nc5 26. Qe3 Ne6 27. Qc3 Be7 28. a4 Nc5 29. Qc2 Ne6 30. Nb3 Bb4 31. Bxb4 axb4 32. Rxb4 Rb8 33. a5 Qd6 34. Qd2 Qe7 35. b6 Bd7 36. Rc4 Bb5 37. Qb4 Qd7 38. Rc1 Ba6 39. Nc5 Nxc5 40. Rxc5 Qd1+ 41. Kh2 Rd8 42. Qf4 1-0

[Event "Bundesliga 2223"]
[Site "Germany"]
[Date "2023.04.29"]
[Round "14.5"]
[White "Deuer, Marius"]
[Black "Jaracz, Pawel"]
[Result "0-1"]
[WhiteElo "2326"]
[BlackElo "2463"]
[PlyCount "74"]
[EventDate "2022.10.21"]
[EventType "team-tourn"]
[EventRounds "15"]
[EventCountry "GER"]
[SourceTitle "CBM 213 Extra"]
[Source "ChessBase"]
[SourceDate "2023.05.31"]
[SourceVersion "1"]
[SourceVersionDate "2023.05.31"]
[SourceQuality "1"]
[WhiteTeam "Schoenaich"]
[BlackTeam "Remagen Sinzig"]
[WhiteTeamCountry "GER"]
[BlackTeamCountry "GER"]

1. d4 d5 2. c4 c6 3. Nf3 Nf6 4. Qc2 dxc4 5. Qxc4 Bf5 6. g3 e6 7. Bg2 Nbd7 8. 0-0 Be7 9. e3 0-0 10. Rd1 Qc7 11. Nc3 Nd5 12. Ne1 N7b6 13. Qe2 Nxc3 14. bxc3 e5 15. e4 Be6 16. Nd3 f6 17. f3 Nc4 18. Nb2 b5 19. Nxc4 Bxc4 20. Qc2 c5 21. Be3 cxd4 22. cxd4 exd4 23. Bxd4 Rfd8 24. Bf1 Rac8 25. Bxc4+ Qxc4 26. Qf2 Qa4 27. Rd2 Bb4 28. Rd3 Rc4 29. Rad1 Rdxd4 30. Rxd4 Bc5 31. Rd8+ Kf7 32. R1d7+ Ke6 33. Qxc5 Rxc5 34. f4 Rc1+ 35. Kf2 Qxe4 36. Re8+ Kxd7 37. Rxe4 Rc2+ 0-1

[Event "Mitropa Cup"]
[Site "Mali Losinj"]
[Date "2023.04.18"]
[Round "8.2"]
[White "Deuer, Marius"]
[Black "Boyer, Mahel"]
[Result "1-0"]
[WhiteElo "2336"]
[BlackElo "2463"]
[PlyCount "105"]
[EventDate "2023.04.11"]
[EventType "team-tourn"]
[EventRounds "9"]
[EventCountry "CRO"]
[SourceTitle "CBM 213 Extra"]
[Source "ChessBase"]
[SourceDate "2023.05.31"]
[SourceVersion "1"]
[SourceVersionDate "2023.05.31"]
[SourceQuality "1"]
[WhiteTeam "Germany"]
[BlackTeam "France"]
[WhiteTeamCountry "GER"]
[BlackTeamCountry "FRA"]

1. d4 Nf6 2. c4 g6 3. g3 Bg7 4. Bg2 c5 5. d5 d6 6. Nc3 0-0 7. Nf3 e6 8. 0-0 exd5 9. cxd5 Re8 10. Bf4 Bf5 11. Nh4 Bc8 12. Nf3 h6 13. Qc1 g5 14. Bd2 Bf5 15. h4 g4 16. Ne1 Kh7 17. Nc2 Bg6 18. Ne3 Qd7 19. a4 Na6 20. Qd1 Nb4 21. Rc1 a5 22. Nc4 Ra6 23. Re1 Nh5 24. Bf1 f5 25. e3 f4 26. exf4 Nf6 27. Rxe8 Nxe8 28. Ne3 Nd3 29. h5 Bf5 30. Nxf5 Qxf5 31. Qc2 c4 32. b3 Bd4 33. bxc4 Bxf2+ 34. Kg2 Ne1+ 35. Bxe1 Qxc2 36. Rxc2 Bxe1 37. Nb5 Bb4 38. Bd3+ Kg8 39. Re2 Ng7 40. Bg6 Ra8 41. Re7 b6 42. Rd7 Ne8 43. Nd4 Ng7 44. Ne6 Ne8 45. Bf7+ Kh8 46. Bxe8 Rxe8 47. f5 Bc3 48. Rxd6 Rb8 49. Rc6 Be5 50. d6 Rb7 51. Rc8+ Kh7 52. Rc7+ Rxc7 53. dxc7 1-0

[Event "Mitropa Cup"]
[Site "Mali Losinj"]
[Date "2023.04.15"]
[Round "5.2"]
[White "Deuer, Marius"]
[Black "Dvirnyy, Danyyil"]
[Result "1/2-1/2"]
[WhiteElo "2336"]
[BlackElo "2541"]
[PlyCount "75"]
[EventDate "2023.04.11"]
[EventType "team-tourn"]
[EventRounds "9"]
[EventCountry "CRO"]
[SourceTitle "CBM 213 Extra"]
[Source "ChessBase"]
[SourceDate "2023.05.31"]
[SourceVersion "1"]
[SourceVersionDate "2023.05.31"]
[SourceQuality "1"]
[WhiteTeam "Germany"]
[BlackTeam "Italy"]
[WhiteTeamCountry "GER"]
[BlackTeamCountry "ITA"]

1. d4 d5 2. c4 e6 3. Nc3 Nf6 4. cxd5 exd5 5. Bg5 c6 6. e3 h6 7. Bh4 Be7 8. Bd3 0-0 9. Nge2 Re8 10. 0-0 a5 11. f3 b5 12. Rc1 Nbd7 13. Bf2 Ba6 14. h3 a4 15. b3 Bf8 16. Ng3 h5 17. Nce2 c5 18. dxc5 Nxc5 19. Re1 Nxd3 20. Qxd3 b4 21. Qd2 g6 22. Nf4 Qd6 23. Red1 Rac8 24. Rxc8 Rxc8 25. Ne4 Nxe4 26. fxe4 a3 27. Nxd5 Qe5 28. Bh4 g5 29. Be1 Qb2 30. Qd4 Rc2 31. Rd2 Bc5 32. Qf6 Bxe3+ 33. Kh1 Rxd2 34. Ne7+ Kf8 35. Ng6+ Kg8 36. Ne7+ Kf8 37. Ng6+ Kg8 38. Ne7+ 1/2-1/2

[Event "Mitropa Cup"]
[Site "Mali Losinj"]
[Date "2023.04.11"]
[Round "1.2"]
[White "Deuer, Marius"]
[Black "Stalmach, Richard"]
[Result "1/2-1/2"]
[WhiteElo "2336"]
[BlackElo "2417"]
[PlyCount "132"]
[EventDate "2023.04.11"]
[EventType "team-tourn"]
[EventRounds "9"]
[EventCountry "CRO"]
[SourceTitle "CBM 213 Extra"]
[Source "ChessBase"]
[SourceDate "2023.05.31"]
[SourceVersion "1"]
[SourceVersionDate "2023.05.31"]
[SourceQuality "1"]
[WhiteTeam "Germany"]
[BlackTeam "Czech Republic"]
[WhiteTeamCountry "GER"]
[BlackTeamCountry "CZE"]

1. d4 Nf6 2. c4 e6 3. Nc3 Bb4 4. e3 0-0 5. Nge2 Re8 6. a3 Bf8 7. Ng3 d5 8. Be2 g6 9. cxd5 exd5 10. Bf3 c6 11. 0-0 Bg7 12. b4 a6 13. Bb2 Nbd7 14. e4 dxe4 15. Ngxe4 Nb6 16. Nxf6+ Qxf6 17. Ne4 Qf4 18. g3 Qc7 19. Nc5 Bh3 20. Re1 Nc4 21. Bc3 Nd6 22. a4 Nf5 23. Ne4 h6 24. Qd2 Red8 25. d5 cxd5 26. Nf6+ Kh8 27. Be5 Qb6 28. Nxd5 Bxe5 29. Rxe5 Qd4 30. Qe1 Qd3 31. Be4 Qd4 32. Bxf5 Bxf5 33. Rd1 Qb2 34. Qe3 Kg7 35. Kg2 Rd6 36. Rd4 Be6 37. Nc3 Rad8 38. Rh4 Rh8 39. Rc5 Qd2 40. Qe5+ f6 41. Qe4 Rhd8 42. Qxb7+ R8d7 43. Qf3 Rd3 44. Qf4 Qxf4 45. Rxf4 Kf7 46. b5 a5 47. h4 g5 48. hxg5 hxg5 49. Re4 g4 50. Rc6 R7d6 51. Rxd6 Rxd6 52. Re3 Rd4 53. f3 Rd2+ 54. Kg1 gxf3 55. Rxf3 Rb2 56. Rf4 Rb3 57. Ne4 Ke7 58. Kf2 Rb4 59. Nc5 Rb2+ 60. Ke3 Bd5 61. Rd4 Kd6 62. Nb7+ Ke5 63. Nxa5 Rg2 64. Nc6+ Bxc6 65. bxc6 Rxg3+ 66. Kf2 Rc3 1/2-1/2

[Event "Titled Tuesday intern op 04th Apr Early"]
[Site "Chess.com INT"]
[Date "2023.04.04"]
[Round "4"]
[White "Deuer, Marius"]
[Black "Pichot, Alan"]
[Result "0-1"]
[WhiteElo "2336"]
[BlackElo "2638"]
[PlyCount "40"]
[EventDate "2023.04.04"]
[EventType "swiss (blitz)"]
[EventRounds "11"]
[EventCountry "USA"]
[SourceTitle "EXT 2024"]
[Source "ChessBase"]
[SourceDate "2023.10.10"]
[SourceVersion "1"]
[SourceVersionDate "2023.10.10"]
[SourceQuality "1"]

1. b3 e5 2. Bb2 Nc6 3. e3 Nf6 4. Bb5 Bd6 5. d4 exd4 6. exd4 0-0 7. Ne2 Re8 8. h3 a6 9. Bxc6 dxc6 10. Nbc3 Bf5 11. Qd2 Ne4 12. Nxe4 Bxe4 13. f3 Qh4+ 14. Kf1 Bg6 15. c4 Re6 16. Re1 Rae8 17. Bc1 Bg3 18. Rd1 Rxe2 19. Qxe2 Rxe2 20. Kxe2 Qe7+ 0-1